| 000 | 00946nam a2200253 a 4500 | ||
|---|---|---|---|
| 001 | 000041901 | ||
| 005 | 20240228132448.0 | ||
| 008 | 131021s2004 dr 000 j spa d | ||
| 020 | _a9993477362 | ||
| 040 |
_aDO-SdBNP _bspa _cBNPHU |
||
| 082 |
_aRD863.44 _bC957c |
||
| 100 | 1 |
_aCruz Mieses, Santiago de la _924829 |
|
| 245 | 1 | 0 |
_aCuentos de La Victoria. / _cSantiago de la Cruz Mieses. |
| 246 | 1 | _aCuentos de la víctoria para triunfar | |
| 260 |
_aSanto Domingo, : _bUniversitaria-UASD, _c2004. |
||
| 300 |
_a73 p. ; _c21 cm. |
||
| 490 | 1 |
_aPublicaciones de la Universidad Autónoma de Santo Domingo _v1169 |
|
| 490 | 1 |
_aLiteratura y sociedad _v45 |
|
| 500 | _aIncluye datos biografícos del autor en la contraportada. | ||
| 590 | _aInventariado, 2020 /LP | ||
| 830 | 0 |
_aPublicaciones de la Universidad Autónoma de Santo Domingo _n1169 _968795 |
|
| 830 | 0 |
_aLiteratura y sociedad _n45 _968796 |
|
| 910 | _aValidado. Control de calidad MFF | ||
| 999 |
_c41390 _d41390 |
||